00340nam a2200109Ia 4500008004100000041000800041100001900049245009600068260003800164300000800202700002000210250110s9999 xx 000 0 und d aeng aMahajan Shital aLandscape Architecture Strategies To Mitigate The Effect Of Coal Fired Theramal Power Plant bM Arch Landscape BNCA, Punec2015 a64p aGuide Name:BNCA